Представление документа в формате RUSMARC

ПолеНазваниеЗначение
  Тип записи a
  Библиографический уровень m
001 Контрольный номер RU/IS/BASE/540646495
005 Дата корректировки 20241022093934.6
010 Индекс ISBN __
a ISBN 978-5-699-76077-0 (в пер.)
d Цена 297-00
100 Данные общей обработки __
a Данные общей обработки 19170217d2015||||||| 0rusy0189 ca
101 Язык документа 1_
a Язык текста rus
102 Страна публикации __
a Страна публикации ru
105 Кодированные данные (монография) __
a Кодированные данные (монография) a|||||||000zy
200 Заглавие и сведения об ответственности 1_
a Заглавие Кричащая лестница
e Сведения, относящиеся к заглавию [роман : 16+]
f Первые сведения об ответственности Джонатан Страуд ; [перевод с английского К. И. Молькова]
b Общее обозначение материала Текст
210 Выходные данные __
a Место издания Москва
c Издательство Эксмо
d Дата издания 2015
215 Физическое описание __
a Объем 380, [2] с.
d Формат 22 см
225 Серия __
a Серия Агентство "Локвуд и компания"
300 Общие примечания __
a Общие примечания 12000 экз.
330 Аннотация __
a Аннотация Меня зовут Люси Карлайл и я работаю в агентстве "Локвуд и компания". Нас всего трое: я, Энтони (он же Локвуд) и Джордж. Мы занимаемся тем, что ловим призраков и спасаем от них Лондон. Вообще-то, это только звучит просто, на самом деле все гораздо сложнее. Существует великое множество призраков и их разновидностей, и большинство из них смертельно опасны, и даже наше супероружие: рапиры, железные цепи и банки с греческим огнем - не всегда эффективно. Впрочем, в нашем агентстве трусов нет. На этот раз Локвуд решил отправиться в старинный дом, который вот уже много веков населяют призраки и где находится знаменитая на всю округу Кричащая лестница. С наступлением темноты она издает чудовищные крики. Но есть маленькая проблемка - никто и никогда не выходил из этого особняка живым, а все предыдущие агенты, пытавшиеся разгадать его тайну, погибли. Может, мы просто чокнутые, что взялись за это дело?
333 Примечание о целевом назначении __
a Примечание о целевом назначении 16+. Для детей старше 16 лет
606 Тематические рубрики __
a Основная рубрика Художественная литература
606 Тематические рубрики __
a Основная рубрика Литература Европы (произведения)
y Географическая подрубрика Англия
y Географическая подрубрика Великобритания
610 Ключевые слова __
a Ключевые слова детективная фантастика
a Ключевые слова подростковая фантастика
a Ключевые слова романы
a Ключевые слова тема привидений
a Ключевые слова тема призраков
a Ключевые слова фантастика
a Ключевые слова фантастические произведения
a Ключевые слова фантастические романы
a Ключевые слова фэнтези
a Ключевые слова фэнтези
686 Индексы других классификаций __
2 Код системы rubbks
a Классификационный индекс 84(4Вел)6-445; ст84(4Вел)-4
700 Автор _1
a Фамилия Страуд
b Имя Д.
f Даты 1970-
g Полное личное имя Джонатан
4 Код отношения 070
702 Вторичная интеллектуальная ответственность _1
a Фамилия Мольков
b Имя К. И.
4 Код отношения Переводчик
4 Код отношения 730
801 Источник записи _0
a Страна ru
b Организация Муниципальное бюджетное учреждение культуры "Централизованная библиотечная система" г. Сургут (Центральная городская библиотека им. А. С. Пушкина)
c Дата составления 20170217
g Правила каталогизации КиК/Апакова
801 Источник записи _1
a Страна ru
b Организация Муниципальное бюджетное учреждение культуры "Централизованная библиотечная система" г. Сургут (Центральная городская библиотека им. А. С. Пушкина)
c Дата составления 20170217
g Правила каталогизации КиК/Апакова
852 Данные о местонахождении __
j Шифр хранения 84(4Вел)6-445
i Авторский знак С 83
901 Тип документа __
t Тип документа m
903 Характеристики (МАРС) __
a Дата передачи 20170217
990 Данные о заказе (DOS) __
j Количество экземпляров (DOS) 9
t N записи в КСУ для И/У (DOS) 201703